00946cam a2200265 a 4500020001700000040000800017082002600025245006100051260005300112300003200165500008200197650002300279650002600302650002900328650002600357650001800383650002900401700002100430700002000451700002000471710001200491942001000503999001700513952015000530 a0709948107 : cDLC00a362 PRE 1987 A084 Or.00aChild health & survival :bthe UNICEF GOBI-FFF program / aLondon ;aWolfeboro, N.H. :bCroom Helm,cc1987. ax, 253 p. :bill. ;c22 cm. aConsists of papers presented at a conference held in May 1985 in New England. 0aGOBI-FFF (Program) 0aChild health services 0aMaternal health services 2aChild Health Services 2aChild Welfare 2aMaternal Health Services1 aCash, Richard A.1 aKeusch, Gerald.1 aLamstein, Joel.2 aUNICEF. cAEDBB c21186d21186 0010406362_000000000000000_PRE_1987_A084_OR70993046aLBAbLBAcA084d2023-02-22o362 PRE 1987 A084 Or.pA39187r2023-02-22w2023-02-22yAEDBB